All 7 Letter Words that Begin With W - Statistics

General Stats
  • This quiz has been taken 6 times
  • The average score is 273 of 909
Answer Stats
% Correct
wadding
100%
wagging
100%
waiters
100%
waiting
100%
walling
100%
wanders
100%
wanters
100%
warmers
100%
warring
100%
washers
100%
washing
100%
wasters
100%
wasting
100%
watched
100%
watcher
100%
wearing
100%
weather
100%
webbing
100%
wedding
100%
weeding
100%
welders
100%
western
100%
whetter
100%
whicker
100%
whinger
100%
whisper
100%
whither
100%
whitten
100%
wickers
100%
wilding
100%
willing
100%
winding
100%
windows
100%
wingers
100%
winging
100%
winters
100%
wintery
100%
withers
100%
wonders
100%
workers
100%
working
100%
worming
100%
worsens
100%
wrapped
100%
wrapper
100%
written
100%
wronged
100%
wronger
100%
waddled
80%
waddles
80%
wafered
80%
wafting
80%
waggled
80%
waggles
80%
wailing
80%
walkers
80%
walking
80%
wallows
80%
wanning
80%
wanting
80%
wantons
80%
warbled
80%
warbler
80%
warbles
80%
wardens
80%
warding
80%
warming
80%
warners
80%
warning
80%
warping
80%
warrior
80%
watered
80%
wattled
80%
wattles
80%
weakens
80%
wearers
80%
wearied
80%
wearier
80%
weavers
80%
weaving
80%
wedgers
80%
wedging
80%
weedier
80%
weening
80%
weepers
80%
weeping
80%
weevers
80%
welcome
80%
welding
80%
welling
80%
welters
80%
wending
80%
wetting
80%
whacked
80%
whaling
80%
wheeled
80%
wheeler
80%
whereas
80%
wherein
80%
whetten
80%
whinged
80%
whinier
80%
whinner
80%
whipped
80%
whippet
80%
Whipple
80%
whittle
80%
whoever
80%
whooped
80%
wicking
80%
wigging
80%
willers
80%
wilting
80%
winched
80%
wincher
80%
winches
80%
wincing
80%
winders
80%
winning
80%
winsome
80%
wisdoms
80%
wishers
80%
wishing
80%
witched
80%
witches
80%
wizards
80%
wobbled
80%
wobbler
80%
wobbles
80%
wombats
80%
wontons
80%
woodier
80%
woofing
80%
wording
80%
worried
80%
worrier
80%
worries
80%
wounded
80%
wrangle
80%
wrecked
80%
wrecker
80%
wrestle
80%
wriggle
80%
wringer
80%
wrister
80%
writers
80%
wabbled
60%
wackier
60%
wadders
60%
waddler
60%
waffled
60%
waffler
60%
wafters
60%
wailers
60%
waisted
60%
waivers
60%
waiving
60%
wallets
60%
walnuts
60%
warders
60%
warpers
60%
warrant
60%
warrens
60%
wartier
60%
Waspier
60%
WASPier
60%
watches
60%
waterer
60%
wayfare
60%
weaning
60%
wearies
60%
weasels
60%
wedgier
60%
wedgies
60%
weeders
60%
weenier
60%
weenies
60%
weevils
60%
weighty
60%
weirder
60%
weirdly
60%
wellies
60%
welting
60%
wetters
60%
whacker
60%
wheaten
60%
wheelie
60%
whelped
60%
whereat
60%
whereof
60%
whether
60%
whetted
60%
whiffle
60%
whiling
60%
whimper
60%
whiners
60%
whining
60%
whipper
60%
whirled
60%
whirler
60%
whished
60%
whisked
60%
whisker
60%
whistle
60%
whitens
60%
whizzed
60%
whooper
60%
whopper
60%
widened
60%
widener
60%
widowed
60%
widower
60%
wielded
60%
wielder
60%
wiggled
60%
wiggler
60%
wiggles
60%
wiglets
60%
wigwams
60%
wilders
60%
wildest
60%
willies
60%
willows
60%
wincers
60%
winkers
60%
winking
60%
winners
60%
wirings
60%
witchen
60%
without
60%
wittier
60%
witting
60%
wizened
60%
wooding
60%
woofers
60%
woollen
60%
woozier
60%
wordier
60%
workman
60%
workmen
60%
wrinkle
60%
writing
60%
wrought
60%
wabbler
40%
waddies
40%
waffles
40%
wagered
40%
wagerer
40%
wagoned
40%
wagtail
40%
wakeful
40%
walkies
40%
walkout
40%
walleye
40%
waltzed
40%
waltzer
40%
waltzes
40%
wambled
40%
wambles
40%
wangled
40%
wangler
40%
wangles
40%
wanties
40%
warlike
40%
warmest
40%
warship
40%
wasabis
40%
washery
40%
washier
40%
wassail
40%
wattage
40%
wavered
40%
waxings
40%
waxwork
40%
waylaid
40%
weakest
40%
weaking
40%
weaners
40%
weapons
40%
wearily
40%
website
40%
weekend
40%
weepies
40%
weighed
40%
weigher
40%
weights
40%
weirdos
40%
welking
40%
westers
40%
Westies
40%
westing
40%
whalers
40%
whammed
40%
wheedle
40%
wheezed
40%
wheezes
40%
whelked
40%
whereon
40%
whereto
40%
wherret
40%
whileas
40%
whindle
40%
whinges
40%
whirley
40%
whirred
40%
whiskey
40%
whiskin
40%
whitely
40%
whitest
40%
whiting
40%
whizzer
40%
whizzes
40%
whomped
40%
whoring
40%
whorled
40%
whortle
40%
wickets
40%
widdled
40%
widdles
40%
widgets
40%
wimbles
40%
wimpier
40%
windier
40%
windies
40%
windles
40%
windups
40%
wingier
40%
winkled
40%
winkles
40%
wintles
40%
wipeout
40%
wispier
40%
wistful
40%
withing
40%
witless
40%
witness
40%
womanly
40%
wooders
40%
woodies
40%
woodman
40%
woodmen
40%
woolers
40%
woolier
40%
woolies
40%
wooling
40%
woolled
40%
worders
40%
wordies
40%
worldly
40%
wormier
40%
worsted
40%
worthed
40%
wracked
40%
wraiths
40%
wreaked
40%
wrested
40%
wrester
40%
wrinkly
40%
writhed
40%
writhen
40%
wrongly
40%
wyverns
40%
wabbers
20%
wabbies
20%
wabbles
20%
wackily
20%
wadable
20%
waddied
20%
wadmals
20%
wadsets
20%
wafture
20%
waggers
20%
waggery
20%
waggier
20%
waggons
20%
wagoner
20%
wahines
20%
waiatas
20%
wailful
20%
waister
20%
wallaba
20%
wallaby
20%
wallahs
20%
wallman
20%
wallmen
20%
wallops
20%
wampish
20%
wampums
20%
wandoos
20%
waniest
20%
wankier
20%
warehou
20%
warfare
20%
warhead
20%
wariest
20%
warless
20%
warlock
20%
warmups
20%
warthog
20%
wartime
20%
washday
20%
Washoes
20%
washtub
20%
waspish
20%
wastage
20%
wastier
20%
wastrel
20%
waterie
20%
watters
20%
Watusis
20%
waughts
20%
wavelet
20%
waverer
20%
waxiest
20%
waxwing
20%
waybill
20%
waylays
20%
wayless
20%
waymark
20%
wayment
20%
wayside
20%
wayward
20%
weakish
20%
wealths
20%
wealthy
20%
weasand
20%
weasely
20%
weasers
20%
webbier
20%
webcams
20%
webcast
20%
webfeet
20%
webfoot
20%
webinar
20%
weblogs
20%
webster
20%
webworm
20%
Webzine
20%
wedders
20%
wedelns
20%
weekday
20%
weepier
20%
weeting
20%
weevily
20%
weezing
20%
weiners
20%
weirdie
20%
wejacks
20%
welched
20%
welcher
20%
welches
20%
welfare
20%
welkins
20%
welshed
20%
welsher
20%
welshes
20%
wenches
20%
wergild
20%
weskits
20%
wethers
20%
wetland
20%
wettest
20%
wetware
20%
whample
20%
wharfie
20%
wharves
20%
whatnot
20%
whatsis
20%
whatten
20%
whelmed
20%
whereby
20%
whereso
20%
whewers
20%
wheyish
20%
whiffed
20%
whiffet
20%
whilies
20%
whimsey
20%
whipsaw
20%
whishes
20%
whistly
20%
whitish
20%
whizzle
20%
wholism
20%
whoofed
20%
whoopee
20%
whopped
20%
whorers
20%
whorish
20%
whumped
20%
whydahs
20%
whyever
20%
Wiccans
20%
wickies
20%
wickiup
20%
widgeon
20%
wiggier
20%
wigless
20%
wildcat
20%
wildish
20%
willets
20%
willful
20%
willowy
20%
wimbled
20%
wimpish
20%
wimpled
20%
wimples
20%
windbag
20%
windowy
20%
winglet
20%
wingnut
20%
wingtip
20%
winless
20%
Winnies
20%
winnows
20%
Winslow
20%
wintled
20%
wireman
20%
wiremen
20%
wiretap
20%
wireway
20%
wiriest
20%
wirrahs
20%
wiseass
20%
wishful
20%
wispily
20%
wisping
20%
wisting
20%
withens
20%
withier
20%
withies
20%
withins
20%
witling
20%
witloof
20%
witters
20%
wittily
20%
wizzled
20%
woggled
20%
woggles
20%
wolfing
20%
wolfram
20%
wolvers
20%
wolving
20%
wombier
20%
wommera
20%
wonkier
20%
wonning
20%
woomera
20%
woozily
20%
wordily
20%
workbag
20%
workout
20%
workups
20%
wormers
20%
worship
20%
wotting
20%
wreathe
20%
wreaths
20%
wrights
20%
writhes
20%
wryness
20%
wurzels
20%
wussier
20%
wussies
20%
wuthers
20%
wabenos
0%
wabster
0%
wachnas
0%
wadeite
0%
wadmels
0%
wadmols
0%
waesuck
0%
waffies
0%
waftage
0%
wagangs
0%
wagauns
0%
waggels
0%
waggish
0%
Wahabis
0%
Wahhabi
0%
Waicuri
0%
waifish
0%
Wailaki
0%
wainage
0%
wainman
0%
wainmen
0%
waitron
0%
Waiwais
0%
wajangs
0%
wakames
0%
wakanda
0%
wakened
0%
wakener
0%
wakonda
0%
Wakores
0%
Walapai
0%
Walchia
0%
walkist
0%
walkway
0%
wallago
0%
Walloon
0%
wamaras
0%
wampees
0%
wamuses
0%
wanhaps
0%
wanigan
0%
wanions
0%
wannabe
0%
wanness
0%
wannest
0%
wantage
0%
wantwit
0%
wanzing
0%
wapatas
0%
wapatoo
0%
wapatos
0%
wapitis
0%
wappato
0%
wapping
0%
warabis
0%
waratah
0%
warbird
0%
Warburg
0%
wardite
0%
warison
0%
warling
0%
warlord
0%
warmful
0%
warmish
0%
warmths
0%
Waropen
0%
warpage
0%
warpath
0%
Warraus
0%
warrees
0%
warsled
0%
warsles
0%
warstle
0%
Warthin
0%
warwolf
0%
warworn
0%
Wascoes
0%
washins
0%
washman
0%
washmen
0%
Washoan
0%
washout
0%
washpot
0%
washrag
0%
washups
0%
washway
0%
Waspdom
0%
waspily
0%
wassies
0%
wastery
0%
wastrie
0%
watapes
0%
watchet
0%
wattape
0%
Watteau
0%
wauling
0%
waveson
0%
waviest
0%
wawling
0%
waxbill
0%
waxbird
0%
waxbush
0%
Waxhaws
0%
waxlike
0%
waxweed
0%
wayangs
0%
wayback
0%
waybeam
0%
waygang
0%
waygate
0%
Wayland
0%
waypost
0%
wayrods
0%
waywode
0%
wayworn
0%
waywort
0%
Waziris
0%
weanels
0%
weanies
0%
weanyer
0%
wearish
0%
weazand
0%
weazens
0%
webelos
0%
webless
0%
weblike
0%
webwork
0%
wedeled
0%
wedlock
0%
weedage
0%
weedery
0%
weeshie
0%
Wegener
0%
weigela
0%
weiring
0%
weldors
0%
Welshry
0%
wenched
0%
wencher
0%
wendigo
0%
Wendish
0%
Wenlock
0%
wennier
0%
Werdnig
0%
wergeld
0%
Werlhof
0%
westlin
0%
wetbird
0%
wetness
0%
wettish
0%
wetwood
0%
wetwork
0%
whackos
0%
whaisle
0%
whaizle
0%
whalery
0%
whammel
0%
whammle
0%
whanged
0%
whangee
0%
whapped
0%
whapuku
0%
Wharton
0%
whatses
0%
whatsit
0%
wheeple
0%
wheezle
0%
whekaus
0%
whelved
0%
whelves
0%
whemmel
0%
whemmle
0%
whereup
0%
wherrit
0%
whewled
0%
whidded
0%
Whigism
0%
whilere
0%
whileys
0%
Whilkut
0%
whirtle
0%
whishts
0%
whisted
0%
whitlow
0%
whitney
0%
Whitsun
0%
whittaw
0%
whizgig
0%
whoaing
0%
wholely
0%
whoopla
0%
whoosis
0%
whorage
0%
whuffed
0%
whuffle
0%
whupped
0%
whurled
0%
whyfors
0%
wichura
0%
wickape
0%
wickups
0%
widdies
0%
widdrim
0%
wideout
0%
widowly
0%
Wiegela
0%
wieners
0%
wienies
0%
wigeons
0%
wiggens
0%
wiggery
0%
wiggins
0%
wigwags
0%
wiikite
0%
Wikenos
0%
Wildean
0%
wilgers
0%
wiliest
0%
willeys
0%
willock
0%
Wiltons
0%
wimbrel
0%
wimicks
0%
wimmick
0%
winceys
0%
windage
0%
winddog
0%
windigo
0%
windily
0%
windjam
0%
windlin
0%
windore
0%
windrow
0%
Windsor
0%
windway
0%
winesap
0%
wingman
0%
wingmen
0%
winiest
0%
winnard
0%
winnock
0%
winrace
0%
winseys
0%
Wintera
0%
Wintuns
0%
wirable
0%
wirebar
0%
wirling
0%
Wirsung
0%
wiseguy
0%
wisents
0%
Wishram
0%
wiskets
0%
Wiskott
0%
wispish
0%
wissels
0%
wistiti
0%
wistits
0%
witgats
0%
witneys
0%
Witotos
0%
wittite
0%
wittols
0%
witwall
0%
woaders
0%
woadman
0%
woadmen
0%
woadwax
0%
woahing
0%
woevine
0%
woffler
0%
wofully
0%
woilies
0%
woiwode
0%
wokases
0%
wokowis
0%
Wolfart
0%
wolfers
0%
Wolffia
0%
wolfian
0%
wolfier
0%
wolfish
0%
wolvish
0%
wongshy
0%
wonings
0%
wonkery
0%
wonkish
0%
wonting
0%
woodbin
0%
woodbox
0%
woodcut
0%
woodeny
0%
woodlot
0%
Woodsia
0%
woodwax
0%
woolded
0%
woolder
0%
woolens
0%
woolert
0%
woolman
0%
woolmen
0%
woolsey
0%
wootzes
0%
wopsing
0%
wordage
0%
wordish
0%
wordles
0%
workbox
0%
workday
0%
workful
0%
wormish
0%
worrals
0%
worrels
0%
worrits
0%
woubits
0%
wouldst
0%
wourali
0%
wourari
0%
wowsers
0%
Woyawai
0%
Woyaway
0%
wrasses
0%
wrawled
0%
wraxled
0%
wraxles
0%
wreathy
0%
wrenlet
0%
wriggly
0%
wrostle
0%
wrybill
0%
wryneck
0%
wrytail
0%
wuddies
0%
Wulamba
0%
wulliwa
0%
wurleys
0%
wurlies
0%
Wurmian
0%
wurrung
0%
wurrups
0%
wustite
0%
Wyandot
0%
Wyethia
0%
WYSIWYG
0%
No matching quizzes found
Score Distribution
Percent of People with Each Score
Percentile by Number Answered
Your Score History
You have not taken this quiz